| 000 | 00501nam a22001697a 4500 | ||
|---|---|---|---|
| 999 |
_c17373 _d17373 |
||
| 008 | 190121b xxu||||| |||| 00| 0 eng d | ||
| 020 | _a0750657532 | ||
| 050 |
_aG155 _b.P75 2009 c.1 |
||
| 100 | _aPrideaux, Bruce | ||
| 245 |
_aResort destinations _bevolution, management and development _cBruce Prideaux |
||
| 260 |
_aAmsterdam _bElsevier _c2009 |
||
| 300 | _aix, 310 | ||
| 650 |
_aTourism _vSocial aspects |
||
| 650 |
_aTourism _vplanning |
||
| 650 |
_aResorts _vsocial aspects |
||
| 942 |
_2lcc _cBK |
||